000 01345nas a2200421 4500
001 BR2013003944
003 BR-BrBNA
005 20231205122425.0
007 ta
008 230509b bl.|||p| |||| 00| 00por d
040 _aBR-BrBNA
_bpor
_cBiblioteca Nacional de Agricultura
041 _a(Pt)
072 _aL51; L02
100 1 _aArouca, C.L.C.
100 1 _aFontes, D.O.
100 1 _aSilva, F.C.O.
100 1 _aFerreira, W.M.
100 1 _aSilva, M.A.
100 1 _aVidal, T.Z.B.
100 1 _aCorrêa, G.S.S.
100 1 _aPaula, E.
100 1 _a
100 1 _a
100 1 _a
245 1 _aExigência de fósforo disponível para suínos machos castrados selecionados para deposição de carne magra, dos 30 aos 60kg
246 1 _aAvailable phosphorus requirement of barrows from 30 to 60kg selected for high lean deposition
650 _aSUÍNO
650 _aALIMENTAÇÃO
650 _aEXIGÊNCIA NUTRICIONAL
650 _aFÓSFORO
650 _aSUPLEMENTO ALIMENTAR
650 _aCARNE
650 _aPERFORMANCE
773 0 _tArquivo Brasileiro de Medicina Veterinária e Zootecnia (Brazil)
_xISSN 0102-0935
_g(Oct 2009), v. 61(5) p. 1094-1103
_wBR2013003944
856 4 0 _uhttp://www.scielo.br/pdf/abmvz/v61n5/a12v61n5.pdf
909 _a202311
_bLúcia
_c55
_dLúcia Elande
942 _2AGRIS
_n0
_cANA
999 _c228576
_d228576